Sudden Death - Nachbarländer Pakistans - Statistiken

Allgemein
  • Dieses Quiz wurde 30 mal gespielt
  • Das Durchschnittsergebnis liegt bei 4 aus 6
Answers on the Grid
Answers color-coded by a green-red scale on the quiz's grid according to % correct below.
Pakistan🇵🇰
Pakistan🇵🇰
Indien🇮🇳
Afghanistan🇦🇫
Iran🇮🇷
China🇨🇳
Tadschikistan🇹🇯
Usbekistan🇺🇿
Kirgisistan🇰🇬
Turkmenistan🇹🇲
Kasachstan🇰🇿
Russland🇷🇺
Nepal🇳🇵
Bangladesch🇧🇩
Bhutan🇧🇹
Irak🇮🇶
Saudi-Arabien🇸🇦
Türkei🇹🇷
Syrien🇸🇾
Mongolei🇲🇳
 
Antwortstatistiken
Antwort % Korrekt
Indien🇮🇳
79%
Pakistan🇵🇰
71%
Afghanistan🇦🇫
67%
Pakistan🇵🇰
63%
China🇨🇳
46%
Iran🇮🇷
46%
Keine übereinstimmenden Quizze gefunden
Verteilung der Resultate
Anzahl Personen mit jedem Resultat
Perzentil nach korrekt beantworteten Fragen
Ihre Resultats-Entwicklung
Sie haben dieses Quiz noch nicht gespielt